| 000 | 01073cam0a2200373 4500 | ||
|---|---|---|---|
| 001 | 6656 | ||
| 003 | http://www.sudoc.fr/05612225X | ||
| 005 | 20250730144459.0 | ||
| 010 | _a2911574451 | ||
| 035 | _a(OCoLC)467599292 | ||
| 035 | _asib1783023 | ||
| 090 | _a6656 | ||
| 100 | _a20010614d1994 k y0frey50 ba | ||
| 101 | 0 | _afre | |
| 102 | _aFR | ||
| 105 | _ay z 000by | ||
| 181 |
_6z01 _ctxt _2rdacontent |
||
| 181 | 1 |
_6z01 _ai# _bxxxe## |
|
| 182 |
_6z01 _cn _2rdamedia |
||
| 182 | 1 |
_6z01 _an |
|
| 200 | 1 |
_aLe motard | Le pool en eau _bLIVR |
|
| 210 |
_aParis _cEd. Crater _d1994 _eParis _gImpr. Pejout |
||
| 214 |
_cEdition Crater _d1994 |
||
| 215 | _a101 p. | ||
| 215 | _d21 cm | ||
| 225 | 0 |
_aThéâtre en coulisses _v1 |
|
| 410 | _0040345025 | ||
| 410 |
_tThéâtre en coulisses (Paris) _x1260-0598 _v1 |
||
| 423 | _tLe pool en eau | ||
| 608 |
_3027814157 _aThéâtre (genre littéraire) français _3033466300 _x1990-2020 _2rameau |
||
| 700 | 1 |
_aPoudérou _bRobert _f1937-.... |
|
| 700 | 1 |
_3027080587 _4070 |
|
| 801 | 3 |
_aFR _bAbes _c20190521 _gAFNOR |
|
| 801 | 3 |
_aFR _bSF _c20010622 |
|